Statistics for Germanic or Romance etymology #1: To see

Click here to take the quiz!

General Stats

  • This quiz has been taken 208 times
  • The average score is 7 of 10

Answer Stats

QuestionAnswer% Correct
To seeGermanic
92%
To regardRomance
88%
To viewRomance
87%
To observeRomance
82%
To noticeRomance
75%
To watchGermanic
71%
To lookGermanic
68%
To witnessGermanic
68%
To glimpseGermanic
61%
To gazeGermanic
49%

Score Distribution

Percentile by Number Answered

Percent of People with Each Score

Your Score History

You have not taken this quiz